PERSON-TO-PERSON MANAGEMENT (Record no. 4458)

MARC details
000 -LEADER
fixed length control field 00306nam a22001217a 4500
008 - FIXED-LENGTH DATA ELEMENTS--GENERAL INFORMATION
fixed length control field 250811b |||||||| |||| 00| 0 eng d
100 ## - MAIN ENTRY--AUTHOR
Author CROSBY RALPH W.
245 ## - TITLE STATEMENT
Title PERSON-TO-PERSON MANAGEMENT
260 ## - PUBLICATION, DISTRIBUTION, ETC. (IMPRINT)
Place of publication PHILADELPHIA
Name of publisher CHILTON COMPANY
Date of publication 1966
300 ## - COLLATION
Pagination 272p.
942 ## - ADDED ENTRY ELEMENTS (KOHA)
Item type Books
050 ## - LIBRARY OF CONGRESS CALL NUMBER
Classification number HD 31
Item number .C76
Holdings
Source of classification or shelving scheme Not for loan Permanent location Current location Date acquired Accession No. Full call number Barcode. Koha item type
Library of Congress Classification   Samuel Ogbemudia Main Library, University of Abuja Samuel Ogbemudia Main Library, University of Abuja 08/11/2025 93/012138 HD 31 .C76 2025-3239 Books